Things I Like - Statistics

General Stats
  • This quiz has been taken 11 times
  • The average score is 14 of 20
Answer Stats
Hint Answer % Correct
This animal has the natural superpower of making anyone instantly happy. Dogs
100%
It's really satisfying when this toy falls down stairs. Slinky
100%
These are necessary for us to breathe. They're also really fun to climb. Trees
100%
For some reason, it's really mesmerizing looking at water tumbling down a cliff. Waterfall
100%
These allow people who would otherwise wear glasses a less inconvenient alternative. Contact lenses
83%
Has any answer you'll ever need. Google
83%
Sharp pencils are satisfying. Pencil sharpener
83%
Allows you to bend all of reality to your will, at least in photographs. Photoshop
83%
Why should kangaroos be the only ones who can jump high? This allows us to get on their level. Trampoline
83%
The movie company made some of the best action movies of all time (until 2021) Marvel Studios
67%
This video game revolutionized the idea of sandbox games. Minecraft
67%
This dessert is often put up against cake, and cake will lose every time. Pie
67%
This button lets you reverse even the most catastrophic of mistakes. Undo button
67%
The best "drink" you can get at a movie theater. ICEE
50%
The Samurai must have looked so cool swinging these. Katanas
50%
Why would you use a notebook when these exist? Laptop
50%
My phone would have broken at least 14 times if I didn't have one of these. Phone case
50%
Allows you to bend all of reality to your will, plus steal any person's nose. Magic
33%
Email but not annoying. Text Messaging
33%
This slang word for "I'm gonna" puts a middle finger up to grammar yet is ridiculously fun to use. "finna"
17%
No matching quizzes found
Score Distribution
Percent of People with Each Score
Percentile by Number Answered
Your Score History
You have not taken this quiz